Statistics for FIFA Women Under-20 World Cup Top 4 Positions

Click here to take the quiz!

General Stats

  • This quiz has been taken 42 times
  • The average score is 10 of 13

Answer Stats

Answer% Correct
Germany
97%
United States
93%
England
90%
France
90%
Spain
90%
Canada
86%
Brazil
83%
Japan
83%
South Korea
79%
China
69%
North Korea
66%
Nigeria
45%
Colombia
41%

Score Distribution

Percentile by Number Answered

Percent of People with Each Score

Your Score History

You have not taken this quiz